Histoire et royauté commençant par la lettre E - Statistiques

Statistiques générales
  • Ce quiz a été pris 99 fois
  • Le résultat moyen est 12 sur 20
Statistiques - réponses
Indice Réponse % Correct
Pays dirigé par des dynasties pharaoniques puissantes. Égypte
99%
Titre accordé à Napoléon Bonaparte suite à son élection par référendum en 1804. Empereur
94%
Ville royale d'Écosse, célèbre pour son château, résidence historique des rois écossais. Edimbourg
89%
Prénom de cette fameuse impératrice “Sissi”. Élisabeth de Bavière
88%
Promulgué par Henri IV en 1598, accordait la liberté de culte aux protestants et mettait fin aux guerres de religion en France. Édit de Nantes
86%
Titre donné à un souverain ou un dirigeant, souvent dans les pays arabes ou musulmans. Emir
81%
Arme symbolique portée par les souverains lors des cérémonies. Épée royale
78%
Roi du Royaume-Uni en 1936, il abdique pour épouser Wallis Simpson, divorcée américaine. Édouard VIII
76%
Pays où le dernier roi, Haile Selassie, fut un symbole de résistance lors de l'invasion italienne en 1935. Éthiopie
75%
Dernière impératrice française. Eugénie de Montijo
69%
Plus petit pays Africain gouverné par le roi Mswati III. Eswatini
67%
Pays voisin de ce dernier, également une conquête italienne sous l'ère coloniale royale. Érythrée
66%
Explorateur et chef viking, lié aux premiers rois scandinaves. Erik le Rouge
48%
Surnommée la Reine Vierge, dernière souveraine de la dynastie des Tudor. Elizabeth I
43%
Règles de conduite et de protocole à suivre dans la cour royale. Étiquette
42%
Dans le Saint-Empire romain germanique, prince ayant le droit de choisir l'empereur. Électeur
23%
Résidence impériale “privée” des tsars, située à Saint-Pétersbourg. Ermitage
17%
Monastère-palais royal d’Espagne construit par Philippe II. Escurial
9%
Roi “Malavisé” d'Angleterre du Xe au XIe siècle. Ethelred II
6%
Roi de Hongrie canonisé comme saint. Esteban I
0%
Aucun quiz correspondant
Distribution des résultats
% des personnes avec chaque résultat
Percentile par nombre de réponses
Votre historique - résultats
Vous n’avez pas pris ce quiz